| 000 | 00754nam a22002057a 4500 | ||
|---|---|---|---|
| 003 | AUA.1 | ||
| 005 | 20260309110802.0 | ||
| 008 | 260309b |||||||| |||| 00| 0 eng d | ||
| 020 | _a0959933743 | ||
| 040 | _cJTL | ||
| 050 |
_aBX6111.88 _b.H66 1998 |
||
| 100 | _aHook, Milton | ||
| 245 |
_aAvondale : _bexperiment on the Dora / _cMilton Hook. |
||
| 260 |
_aCooranbong, NSW : _bAvondale Academic Press, _cc1998. |
||
| 300 |
_a336, [10] pages : _billustrations, _c24 cm. |
||
| 610 |
_aAvondale College, (Cooranbong, N.S.W.) _xHistory |
||
| 650 |
_aUniversities and Colleges _vNew South Wales _xCooranbong |
||
| 650 |
_aSeventh-day Adventists _vEducation _xHistory _zCooranbong, New South Wales |
||
| 942 |
_2lcc _cBOOK _hBX 6111.88 _i.H66 1998 |
||
| 999 |
_c25318 _d25318 |
||